<?xml version="1.0" encoding="UTF-8"?>
<record
    xmlns:xsi="http://www.w3.org/2001/XMLSchema-instance"
    xsi:schemaLocation="http://www.loc.gov/MARC21/slim http://www.loc.gov/standards/marcxml/schema/MARC21slim.xsd"
    xmlns="http://www.loc.gov/MARC21/slim">

  <leader>005370000a22001330004500</leader>
  <datafield tag="090" ind1=" " ind2=" ">
    <subfield code="a">As</subfield>
    <subfield code="b">Seriadas</subfield>
  </datafield>
  <datafield tag="245" ind1="1" ind2="0">
    <subfield code="a">Ecolog&#xED;a de Espeletia schultzii (Asteraceae) en el valle fluvioglacial del P&#xE1;ramo de Mucubaj&#xED;, M&#xE9;rida, Venezuela</subfield>
  </datafield>
  <datafield tag="246" ind1="3" ind2=" ">
    <subfield code="a">Ecology of Espeletia schultzii wedd (Asteraceae) in the fluvioglacier Paramo Mucubaj&#xED;, M&#xE9;rida, Venezuela</subfield>
  </datafield>
  <datafield tag="041" ind1="0" ind2=" ">
    <subfield code="a">Espa&#xF1;ol</subfield>
  </datafield>
  <datafield tag="700" ind1="1" ind2=" ">
    <subfield code="a">Monasterio, Maximina</subfield>
    <subfield code="9">92889</subfield>
  </datafield>
  <datafield tag="100" ind1="1" ind2=" ">
    <subfield code="a">Fari&#xF1;as, Mario R.</subfield>
    <subfield code="9">99625</subfield>
  </datafield>
  <datafield tag="942" ind1=" " ind2=" ">
    <subfield code="c">ARTICULO</subfield>
  </datafield>
  <datafield tag="773" ind1="1" ind2=" ">
    <subfield code="t">Actualidades Biol&#xF3;gicas</subfield>
    <subfield code="h">68</subfield>
    <subfield code="q">5-11</subfield>
    <subfield code="d">1998</subfield>
    <subfield code="g">20</subfield>
  </datafield>
  <datafield tag="999" ind1=" " ind2=" ">
    <subfield code="c">15396</subfield>
    <subfield code="d">15396</subfield>
  </datafield>
</record>
